| 000 | 00405nmm a2200145Ia 4500 | ||
|---|---|---|---|
| 008 | 251105s9999||||xx |||||||||||||||||und|| | ||
| 041 | _acat | ||
| 100 | _avarios, Autores | ||
| 245 | 0 | _aMallorca. En un cap de setmana | |
| 264 |
_a[Madrid, España] : _bEcos Travel Books, _c2012 |
||
| 300 | _a33 páginas | ||
| 490 | _aGUÍAS10 | ||
| 856 | _uhttps://public.digitaliapublishing.com/a/36889 | ||
| 942 | _cCF | ||
| 999 |
_c99432 _d99432 |
||